[Event "C'Chartres Blitz op April"]
[Site "Europe Echecs INT"]
[Date "2021.04.10"]
[Round "10"]
[White "Bernabe, Laurent"]
[Black "Rosu, Andrei"]
[Result "0-1"]
[WhiteElo "1265"]
[BlackElo "1350"]
[PlyCount "98"]
[EventDate "2021.04.10"]
[EventType "swiss (blitz)"]
[EventRounds "11"]
[EventCountry "FRA"]
[SourceTitle "CBM 201 Extra"]
[Source "ChessBase"]
[SourceDate "2021.05.31"]
[SourceVersion "1"]
[SourceVersionDate "2021.05.31"]
[SourceQuality "1"]

1. e4 e5 2. Nf3 Nc6 3. Bc4 Bc5 4. d3 Nf6 5. 0-0 d6 6. Be3 Bb6 7. a4 0-0 8. c3 h6 9. b4 Bxe3 10. fxe3 Be6 11. Ba2 Bxa2 12. Rxa2 a5 13. b5 Ne7 14. Nh4 c6 15. Raf2 g6 16. Rxf6 cxb5 17. axb5 Qd7 18. Qb3 a4 19. Qb4 b6 20. Rxd6 Qc7 21. Rff6 Qa7 22. Na3 Nc8 23. Rxg6+ fxg6 24. Rxg6+ Kf7 25. Rxh6 Qa5 26. Qxa5 Rxa5 27. c4 Ne7 28. Rh5 Ng6 29. Rg5 Nxh4 30. Rxe5 Rg8 31. Rf5+ Nxf5 32. exf5 Kf6 33. e4 Rd8 34. h4 Rxd3 35. Nc2 a3 36. Nxa3 Raxa3 37. Kh2 Ra4 38. g3 Rxc4 39. Kh3 Rxe4 40. h5 Kxf5 41. h6 Kg6 42. h7 Kxh7 43. Kg2 Ree3 44. Kf2 Rxg3 45. Ke2 Rge3+ 46. Kf2 Ra3 47. Kf1 Reb3 48. Ke2 Ra2+ 49. Kd1 Rb1# 0-1

[Event "C'Chartres Blitz op April"]
[Site "Europe Echecs INT"]
[Date "2021.04.10"]
[Round "9"]
[White "Loubieres, Francois"]
[Black "Bernabe, Laurent"]
[Result "1-0"]
[WhiteElo "1703"]
[BlackElo "1265"]
[PlyCount "103"]
[EventDate "2021.04.10"]
[EventType "swiss (blitz)"]
[EventRounds "11"]
[EventCountry "FRA"]
[SourceTitle "CBM 201 Extra"]
[Source "ChessBase"]
[SourceDate "2021.05.31"]
[SourceVersion "1"]
[SourceVersionDate "2021.05.31"]
[SourceQuality "1"]

1. b3 Nf6 2. Bb2 g6 3. Bxf6 exf6 4. c4 Bg7 5. Nc3 0-0 6. g3 Nc6 7. e3 d6 8. Bg2 Ne5 9. d4 Nc6 10. Nge2 Bd7 11. 0-0 Qc8 12. Nf4 g5 13. Nh5 Bh3 14. Nxg7 Bxg2 15. Kxg2 Kxg7 16. Qf3 f5 17. Nd5 g4 18. Qf4 Re8 19. Qg5+ Kh8 20. Qf6+ Kg8 21. Nf4 Re6 22. Nxe6 Qxe6 23. Qxe6 fxe6 24. a3 Rf8 25. b4 a5 26. b5 Na7 27. a4 c6 28. Rab1 cxb5 29. cxb5 b6 30. Rfc1 Rc8 31. Rxc8+ Nxc8 32. Rc1 Ne7 33. Rc7 Kf7 34. Rb7 Kf6 35. Rxb6 Nd5 36. Rxd6 Nb4 37. f3 gxf3+ 38. Kxf3 Ke7 39. Rb6 Nd5 40. Rb7+ Kd6 41. Rxh7 Nb6 42. Ra7 Nxa4 43. Rxa5 Nc3 44. h4 Nd5 45. h5 Nf6 46. h6 e5 47. Ra6+ Ke7 48. Rxf6 Kxf6 49. b6 e4+ 50. Kf4 Kg6 51. b7 Kxh6 52. b8Q 1-0